000 00820nam a22002297a 4500
003 DO-SdBNP
005 20221114105725.0
007 ta
008 110301s2003 dr 000 0 spa d
040 _aDO-SdBNP
_bspa
_cBNPHU
082 4 _axxxx
_bS234
100 _aSANTELISES, ALEXANDRA
_917116
245 1 0 _aDescentralización educativa y autonomía escolar en la gestión educativa dominicana :
_b¿Desafío posible?
_cAlexandra Santelises
260 _aSanto Domingo :
_bUNESCO,
_bSEE,
_bFRACSO,
_c2003.
300 _a31 p. :
_c28 cm.
490 1 _aCuadernos de Educación Básica para todos.
500 _aIncluye datos biográficos de la autora en la pagina 4.
590 _aInventariado, 2022/ YL
710 _aDirección General de Educación Básica (SEE).
_982811
910 _aYLockward
942 _2ddc
_cLF2
999 _c52907
_d52907